00321pab a2200121 454500008004000000100002700040245006100067260000900128300001400137362000800151650001800159773002200177180718b2004 xxu||||| |||| 00| 0 eng d aThaler, Henri Lustiger aThe rift in the subject: a late global modernist dilemma c2004 ap.615-31. aJul aGlobalization aCurrent Sociology